[Event "Oberliga Nord W 2223"]
[Site "Germany"]
[Date "2023.02.26"]
[Round "6.8"]
[White "Suendorf, Dominik"]
[Black "Alhamid, Mohamad"]
[Result "0-1"]
[WhiteElo "1867"]
[BlackElo "1876"]
[PlyCount "88"]
[EventDate "2022.10.23"]
[EventType "team-tourn"]
[EventRounds "9"]
[EventCountry "GER"]
[SourceTitle "EXT 2025"]
[Source "ChessBase"]
[SourceDate "2024.10.14"]
[SourceVersion "1"]
[SourceVersionDate "2024.10.14"]
[SourceQuality "1"]
[WhiteTeam "Hellern"]
[BlackTeam "Delmenhorst"]
[WhiteTeamCountry "GER"]
[BlackTeamCountry "GER"]

1. e4 c5 2. Nf3 a6 3. d4 cxd4 4. Nxd4 Nf6 5. Nc3 e5 6. Nb3 Bb4 7. Bg5 Qc7 8. Qd3 d6 9. Bxf6 gxf6 10. 0-0-0 Bxc3 11. bxc3 Ke7 12. Nd2 Be6 13. c4 b5 14. Qa3 Nd7 15. f4 exf4 16. Nf3 Ne5 17. Nd4 Rac8 18. cxb5 axb5 19. Bxb5 Ra8 20. Qb2 Rxa2 21. Nf5+ Kf8 22. Qb1 Qa5 23. Ba4 Qxa4 24. Qb8+ Qe8 25. Qxd6+ Kg8 26. Qd8 Ra8 27. Qxf6 Ra1+ 28. Kd2 Qd7+ 29. Ke2 Bc4+ 30. Kf2 Ng4+ 31. Kf3 Nxf6 32. Rxd7 Ra3+ 33. Rd3 Bxd3 34. cxd3 Rxd3+ 35. Kxf4 h5 36. e5 Ng4 37. h3 Nh6 38. Nd6 Kh7 39. g4 Ra8 40. g5 Ra4+ 41. Ne4 Nf5 42. Rf1 Ng3 43. Re1 Rxe4+ 44. Rxe4 Nxe4 0-1

[Event "Bremen Silvester op-B"]
[Site "Bremen"]
[Date "2022.12.30"]
[Round "7"]
[White "Storm, Max"]
[Black "Alhamid, Mohamad"]
[Result "1/2-1/2"]
[WhiteElo "1601"]
[BlackElo "1834"]
[PlyCount "112"]
[EventDate "2022.12.27"]
[EventType "swiss"]
[EventRounds "7"]
[EventCountry "GER"]
[SourceTitle "CBM 211 Extra"]
[Source "ChessBase"]
[SourceDate "2023.01.31"]
[SourceVersion "1"]
[SourceVersionDate "2023.01.31"]
[SourceQuality "1"]

1. e4 c5 2. Nf3 a6 3. d4 cxd4 4. Nxd4 Nf6 5. Nc3 e5 6. Nf3 Bb4 7. Bd2 d6 8. Bd3 0-0 9. 0-0 Bg4 10. h3 Bh5 11. Re1 Nbd7 12. a3 Bxc3 13. Bxc3 Nc5 14. Re3 Qc7 15. Qe1 Rac8 16. g4 Bg6 17. Nh4 Na4 18. Nxg6 hxg6 19. Bf1 Qb6 20. Bg2 Nxc3 21. bxc3 Qa5 22. Rd3 Rc6 23. Qd2 Qc7 24. Rd1 Rc8 25. Rxd6 Rxc3 26. Rd8+ Rxd8 27. Qxd8+ Qxd8 28. Rxd8+ Kh7 29. Rf8 Rxa3 30. Rxf7 b5 31. f4 exf4 32. e5 Ng8 33. Rxf4 Rc3 34. g5 Ne7 35. Rf7 Nf5 36. Ra7 Rxc2 37. Rxa6 b4 38. Rb6 Rc1+ 39. Kf2 Rc2+ 40. Kg1 Rc4 41. e6 Rd4 42. Rb7 Kg8 43. Rb8+ Kh7 44. Rb7 Rd1+ 45. Kf2 Rd2+ 46. Kg1 Re2 47. Rxb4 Rxe6 48. Re4 Rd6 49. Re8 Rd3 50. Kf2 Nh4 51. Be4 Rxh3 52. Bd5 Rc3 53. Bg8+ Kh8 54. Be6+ Kh7 55. Bg8+ Kh8 56. Be6+ Kh7 1/2-1/2

[Event "Bremen Silvester op-B"]
[Site "Bremen"]
[Date "2022.12.28"]
[Round "3"]
[White "Pfeffer, Samuel"]
[Black "Alhamid, Mohamad"]
[Result "0-1"]
[WhiteElo "1510"]
[BlackElo "1834"]
[PlyCount "72"]
[EventDate "2022.12.27"]
[EventType "swiss"]
[EventRounds "7"]
[EventCountry "GER"]
[SourceTitle "CBM 211 Extra"]
[Source "ChessBase"]
[SourceDate "2023.01.31"]
[SourceVersion "1"]
[SourceVersionDate "2023.01.31"]
[SourceQuality "1"]

1. d4 Nf6 2. c4 e6 3. Nc3 d5 4. Bg5 Be7 5. Bxf6 Bxf6 6. cxd5 exd5 7. e3 Bf5 8. Qb3 c5 9. dxc5 Bxc3+ 10. Qxc3 0-0 11. Nf3 Qe7 12. Rd1 Be6 13. Bd3 Nd7 14. b4 a5 15. a3 Rfc8 16. Qb3 d4 17. Qb1 dxe3 18. 0-0 Bg4 19. Rde1 Bxf3 20. Rxe3 Ne5 21. gxf3 Qf6 22. Bxh7+ Kh8 23. Qf5 Nc4 24. Qxf6 gxf6 25. Bf5 Rg8+ 26. Kh1 Nxe3 27. fxe3 axb4 28. axb4 Ra3 29. Be4 Rb8 30. Rd1 f5 31. Bxb7 Rxb7 32. c6 Rc7 33. b5 Kg7 34. Rb1 Ra8 35. h4 Rb8 36. f4 Rxc6 0-1

[Event "GER-chT U16"]
[Site "Willingen"]
[Date "2021.06.26"]
[Round "5.4"]
[White "Alhamid, Mohamad"]
[Black "Tao, Alexander"]
[Result "1-0"]
[WhiteElo "1664"]
[BlackElo "1631"]
[PlyCount "85"]
[EventDate "2021.06.23"]
[EventType "team-swiss"]
[EventRounds "7"]
[EventCountry "GER"]
[SourceTitle "CBM 203 Extra"]
[Source "ChessBase"]
[SourceDate "2021.09.30"]
[SourceVersion "1"]
[SourceVersionDate "2021.09.30"]
[SourceQuality "1"]
[WhiteTeam "Delmenhorst"]
[BlackTeam "Blankenese"]
[WhiteTeamCountry "GER"]
[BlackTeamCountry "GER"]

1. e4 e5 2. Bc4 Nc6 3. Nf3 Bc5 4. c3 Nf6 5. d4 exd4 6. 0-0 Nxe4 7. cxd4 d5 8. dxc5 dxc4 9. Qe2 Qd3 10. Re1 Qxe2 11. Rxe2 f5 12. Nc3 0-0 13. Nxe4 fxe4 14. Rxe4 c3 15. bxc3 Bd7 16. Bf4 Rac8 17. Bg3 Rf5 18. Ne5 Nxe5 19. Bxe5 Bc6 20. Re3 Rf7 21. a4 Re8 22. a5 a6 23. Rd1 Ree7 24. f4 Rd7 25. Red3 g6 26. Kf2 Rxd3 27. Rxd3 Rd7 28. Bd4 Re7 29. g4 Kf7 30. Rh3 Kg8 31. f5 Re4 32. fxg6 hxg6 33. Rh8+ Kf7 34. Rh7+ Kf8 35. h3 Re7 36. Rh8+ Kf7 37. Kg3 Ke6 38. h4 Kd5 39. h5 gxh5 40. Rxh5+ Kc4 41. g5 Kd5 42. g6+ Ke6 43. g7 1-0

[Event "GER-chT Christmas U20"]
[Site "Playchess.com INT"]
[Date "2020.12.29"]
[Round "7.4"]
[White "Stirnberg, Noah"]
[Black "Alhamid, Mohamad"]
[Result "1/2-1/2"]
[WhiteElo "1869"]
[BlackElo "1664"]
[PlyCount "105"]
[EventDate "2020.12.29"]
[EventType "team-swiss (blitz)"]
[EventRounds "7"]
[EventCountry "GER"]
[SourceTitle "CBM 200 Extra"]
[Source "ChessBase"]
[SourceDate "2021.03.31"]
[SourceVersion "1"]
[SourceVersionDate "2021.03.31"]
[SourceQuality "1"]
[WhiteTeam "Paderborn Blauer Springer"]
[BlackTeam "Delmenhorst"]
[WhiteTeamCountry "GER"]
[BlackTeamCountry "GER"]

1. e4 c5 2. Nf3 d6 3. d4 cxd4 4. Nxd4 Nf6 5. Nc3 Nc6 6. Be3 e5 7. Nb3 a6 8. f3 Be6 9. Qd2 d5 10. exd5 Nxd5 11. Nxd5 Bxd5 12. 0-0-0 Bxb3 13. axb3 Qxd2+ 14. Rxd2 Bb4 15. c3 Be7 16. Bc4 0-0 17. Rhd1 Rad8 18. Bd5 h6 19. b4 g5 20. h4 Kg7 21. hxg5 Bxg5 22. Bxg5 hxg5 23. Bxc6 Rxd2 24. Rxd2 bxc6 25. Rd6 Rc8 26. g4 Kf8 27. Kd2 Ke7 28. Rd3 Rh8 29. Ke3 Ke6 30. Rd2 Rh1 31. c4 Rc1 32. Kd3 Rf1 33. Ke2 Rc1 34. Kd3 f5 35. Rh2 fxg4 36. fxg4 Rg1 37. Rh6+ Kd7 38. Rh7+ Kc8 39. Re7 Rg3+ 40. Ke4 Rxg4+ 41. Kxe5 Rxc4 42. Kd6 g4 43. Rg7 Kb8 44. b3 Rxb4 45. Kxc6 a5 46. Rg5 a4 47. bxa4 Rxa4 48. Kb6 Rb4+ 49. Kc6 Ka7 50. Ra5+ Kb8 51. Rg5 Ra4 52. Kb6 Rb4+ 53. Kc6 1/2-1/2

[Event "GER-chT Christmas U20"]
[Site "Playchess.com INT"]
[Date "2020.12.29"]
[Round "3.4"]
[White "Toval, David"]
[Black "Alhamid, Mohamad"]
[Result "1/2-1/2"]
[WhiteElo "1857"]
[BlackElo "1664"]
[PlyCount "133"]
[EventDate "2020.12.29"]
[EventType "team-swiss (blitz)"]
[EventRounds "7"]
[EventCountry "GER"]
[SourceTitle "CBM 200 Extra"]
[Source "ChessBase"]
[SourceDate "2021.03.31"]
[SourceVersion "1"]
[SourceVersionDate "2021.03.31"]
[SourceQuality "1"]
[WhiteTeam "Muenster"]
[BlackTeam "Delmenhorst"]
[WhiteTeamCountry "GER"]
[BlackTeamCountry "GER"]

1. e4 e5 2. Nf3 Nc6 3. Bb5 d6 4. d4 exd4 5. Nxd4 Bd7 6. Nc3 Nf6 7. 0-0 Be7 8. Nxc6 bxc6 9. Bc4 Be6 10. Bb3 0-0 11. Re1 Qd7 12. Bf4 Rad8 13. Qe2 Bxb3 14. axb3 Qe6 15. Rxa7 Rd7 16. e5 Nd5 17. Bg3 Nxc3 18. bxc3 d5 19. Rea1 Bc5 20. Ra8 Rdd8 21. Rxd8 Rxd8 22. Kf1 h6 23. h3 Bb6 24. Qg4 Re8 25. Qxe6 Rxe6 26. f4 Kh7 27. Bf2 c5 28. b4 cxb4 29. cxb4 d4 30. Rd1 Rc6 31. Bxd4 Bxd4 32. Rxd4 Rxc2 33. Re4 Kg6 34. g3 Kf5 35. Re2 Rc4 36. b5 Rb4 37. Rc2 Rxb5 38. Rxc7 Kg6 39. Rc2 Rb3 40. Kf2 h5 41. Re2 Kf5 42. Re3 Rb1 43. Re1 Rb3 44. Re3 Rb1 45. Re2 g6 46. Kf3 Rf1+ 47. Rf2 Rb1 48. g4+ hxg4+ 49. hxg4+ Ke6 50. Rd2 Rb3+ 51. Ke4 Rb4+ 52. Rd4 Rb1 53. f5+ gxf5+ 54. gxf5+ Ke7 55. f6+ Ke8 56. Rc4 Rh1 57. Rc8+ Kd7 58. Rf8 Re1+ 59. Kf5 Rf1+ 60. Kg5 Rg1+ 61. Kh6 Ke6 62. Re8+ Kf5 63. Re7 Rg2 64. Rxf7 Kxe5 65. Rg7 Rf2 66. Kg6 Rxf6+ 67. Kg5 1/2-1/2

[Event "GER-chT Christmas U16 Lasker"]
[Site "Playchess.com INT"]
[Date "2020.12.28"]
[Round "6.3"]
[White "Alhamid, Mohamad"]
[Black "Haenselmann, Hendrik"]
[Result "0-1"]
[WhiteElo "1664"]
[BlackElo "1828"]
[PlyCount "86"]
[EventDate "2020.12.28"]
[EventType "team-swiss (blitz)"]
[EventRounds "7"]
[EventCountry "GER"]
[SourceTitle "CBM 200 Extra"]
[Source "ChessBase"]
[SourceDate "2021.03.31"]
[SourceVersion "1"]
[SourceVersionDate "2021.03.31"]
[SourceQuality "1"]
[WhiteTeam "Delmenhorst"]
[BlackTeam "Karlsruhe"]
[WhiteTeamCountry "GER"]
[BlackTeamCountry "GER"]

1. e4 c5 2. Nf3 e6 3. d4 cxd4 4. Nxd4 Nf6 5. Nc3 Nc6 6. Nxc6 bxc6 7. e5 Nd5 8. Nxd5 cxd5 9. Bd3 d6 10. exd6 Bxd6 11. 0-0 0-0 12. Qh5 g6 13. Qe2 Qc7 14. h3 e5 15. f3 Bb7 16. Bd2 Rac8 17. c3 Rfe8 18. Bb5 Re7 19. Kh1 Bc6 20. Bxc6 Qxc6 21. Rae1 Rce8 22. Bg5 Re6 23. Qd3 f6 24. Bd2 f5 25. Qe2 e4 26. fxe4 dxe4 27. Be3 Qc7 28. Qf2 Bg3 29. Qd2 Bxe1 30. Qxe1 Rd8 31. Qf2 Rd3 32. Bd4 Qg3 33. Qxg3 Rxg3 34. Kg1 Rd3 35. Rb1 Rd2 36. Kf1 a6 37. a4 f4 38. b4 g5 39. a5 h5 40. Re1 g4 41. hxg4 hxg4 42. Re2 Rd1+ 43. Kf2 g3# 0-1

[Event "GER-chT Christmas U16 Lasker"]
[Site "Playchess.com INT"]
[Date "2020.12.28"]
[Round "4.3"]
[White "Hoffmann, Tom"]
[Black "Alhamid, Mohamad"]
[Result "1-0"]
[WhiteElo "1296"]
[BlackElo "1664"]
[PlyCount "143"]
[EventDate "2020.12.28"]
[EventType "team-swiss (blitz)"]
[EventRounds "7"]
[EventCountry "GER"]
[SourceTitle "CBM 200 Extra"]
[Source "ChessBase"]
[SourceDate "2021.03.31"]
[SourceVersion "1"]
[SourceVersionDate "2021.03.31"]
[SourceQuality "1"]
[WhiteTeam "Kastellaun"]
[BlackTeam "Delmenhorst"]
[WhiteTeamCountry "GER"]
[BlackTeamCountry "GER"]

1. Nf3 Nc6 2. g3 g6 3. d4 d5 4. Bg2 Bg7 5. 0-0 Bg4 6. c4 e6 7. Nc3 Bxf3 8. Bxf3 Nxd4 9. Bg2 c6 10. e3 Nf5 11. cxd5 cxd5 12. e4 dxe4 13. Qa4+ Qd7 14. Qxd7+ Kxd7 15. Nxe4 b6 16. Rd1+ Ke7 17. Bg5+ f6 18. Rac1 fxg5 19. Rc7+ Kf8 20. Nxg5 Nd4 21. Bxa8 h6 22. Nxe6+ Nxe6 23. Rxa7 Ne7 24. Re1 Kf7 25. Bd5 Rd8 26. Bxe6+ Kf6 27. Bb3 Bf8 28. Re6+ Kg7 29. Rexe7+ Bxe7 30. Rxe7+ Kf6 31. Rf7+ Kg5 32. Rb7 Rd6 33. a4 h5 34. Ra7 Rd2 35. Ra6 Rxb2 36. Rxb6 Kh6 37. a5 h4 38. Kg2 Kg5 39. Rb5+ Kh6 40. Bc4 Rc2 41. Bd3 Rc6 42. Rb6 h3+ 43. Kxh3 Rc3 44. Rc6 Rxc6 45. a6 Rd6 46. a7 Rd8 47. Be4 Kg5 48. a8Q Rxa8 49. Bxa8 Kh5 50. g4+ Kg5 51. Kg3 Kh6 52. Be4 Kg7 53. Bxg6 Kxg6 54. f4 Kf6 55. h4 Kg6 56. g5 Kf5 57. h5 Ke6 58. Kg4 Kf7 59. h6 Kg6 60. f5+ Kh7 61. Kh5 Kg8 62. Kg6 Kh8 63. f6 Kg8 64. f7+ Kf8 65. h7 Ke7 66. h8Q Ke6 67. Qf6+ Kd5 68. f8Q Ke4 69. Qb4+ Kd3 70. Qfc3+ Ke2 71. Qbb2+ Kf1 72. Qcc1# 1-0

[Event "GER-chT Christmas U16 Lasker"]
[Site "Playchess.com INT"]
[Date "2020.12.28"]
[Round "2.3"]
[White "Mukovskiy, Peter"]
[Black "Alhamid, Mohamad"]
[Result "0-1"]
[WhiteElo "1721"]
[BlackElo "1664"]
[PlyCount "54"]
[EventDate "2020.12.28"]
[EventType "team-swiss (blitz)"]
[EventRounds "7"]
[EventCountry "GER"]
[SourceTitle "CBM 200 Extra"]
[Source "ChessBase"]
[SourceDate "2021.03.31"]
[SourceVersion "1"]
[SourceVersionDate "2021.03.31"]
[SourceQuality "1"]
[WhiteTeam "Duesseldorf"]
[BlackTeam "Delmenhorst"]
[WhiteTeamCountry "GER"]
[BlackTeamCountry "GER"]

1. d4 Nf6 2. c4 e6 3. Nf3 d5 4. Nc3 Be7 5. Bg5 0-0 6. e3 h6 7. Bh4 Nc6 8. Bd3 Re8 9. 0-0 dxc4 10. Bxc4 Nd5 11. Bxe7 Ncxe7 12. e4 Nxc3 13. bxc3 Ng6 14. Qc2 e5 15. Rad1 exd4 16. Rxd4 Qe7 17. h3 c5 18. Rd5 Be6 19. Re1 Bxd5 20. exd5 Qd6 21. Rxe8+ Rxe8 22. Qf5 Ne5 23. Nxe5 Qxe5 24. Qf3 Qd6 25. a4 Re1+ 26. Bf1 Qa6 27. d6 Rxf1+ 0-1

[Event "GER-chT U16"]
[Site "Magdeburg"]
[Date "2019.12.27"]
[Round "1.1"]
[White "Gluma, Christian"]
[Black "Alhamid, Mohamad"]
[Result "0-1"]
[WhiteElo "1856"]
[BlackElo "1688"]
[PlyCount "98"]
[EventDate "2019.12.27"]
[EventType "team-swiss"]
[EventRounds "7"]
[EventCountry "GER"]
[SourceTitle "CBM 194 Extra"]
[Source "ChessBase"]
[SourceDate "2020.03.31"]
[SourceVersion "1"]
[SourceVersionDate "2020.03.31"]
[SourceQuality "1"]
[WhiteTeam "Bochum SG"]
[BlackTeam "Delmenhorst"]
[WhiteTeamCountry "GER"]
[BlackTeamCountry "GER"]

1. e4 e5 2. Nf3 Nc6 3. Bc4 Bc5 4. c3 Nf6 5. d3 a6 6. 0-0 Ba7 7. Nbd2 0-0 8. h3 d6 9. Bb3 Be6 10. Bc2 h6 11. Re1 Qd7 12. Nf1 Ne7 13. Ng3 Ng6 14. d4 c6 15. Be3 exd4 16. cxd4 Rad8 17. Qd3 b5 18. Nd2 Rfe8 19. f4 Bc4 20. Qc3 c5 21. d5 Bxd5 22. Kh2 Ba8 23. Rad1 Qc7 24. Nf5 b4 25. Qd3 Nxe4 26. Qxa6 Nxd2 27. Bxd2 Rxe1 28. Rxe1 d5 29. Kh1 d4 30. Qf1 c4 31. Ba4 c3 32. bxc3 bxc3 33. Bc1 Bc6 34. Bxc6 Qxc6 35. Qd3 Re8 36. Rd1 Qe4 37. Qb5 c2 38. Rf1 Qe2 39. Qxe2 Rxe2 40. Ng3 Re8 41. Bd2 d3 42. Rc1 Be3 43. Re1 Bxd2 44. Rxe8+ Kh7 45. Rc8 c1Q+ 46. Rxc1 Bxc1 47. Ne4 Nxf4 48. Kg1 f5 49. Ng3 d2 0-1

[Event "Bremen-ch"]
[Site "Bremen"]
[Date "2019.04.20"]
[Round "9.17"]
[White "Wellmann, Ewald"]
[Black "Alhamid, Mohamad"]
[Result "0-1"]
[WhiteElo "1501"]
[BlackElo "1580"]
[PlyCount "80"]
[EventDate "2019.04.13"]
[EventType "swiss"]
[EventRounds "9"]
[EventCountry "GER"]
[SourceTitle "EXT 2020"]
[Source "ChessBase"]
[SourceDate "2019.10.17"]
[SourceVersion "1"]
[SourceVersionDate "2019.10.17"]
[SourceQuality "1"]

1. f4 c5 2. Nf3 Nc6 3. g3 d5 4. Bg2 Nf6 5. 0-0 Bf5 6. d3 Qc7 7. Nc3 e5 8. fxe5 Nxe5 9. Nxe5 Qxe5 10. Bf4 Qd4+ 11. e3 Qb4 12. Bxd5 Qxb2 13. Be5 Nxd5 14. Qf3 Be6 15. Nxd5 Qxe5 16. Nf4 Bd6 17. Rad1 0-0 18. d4 cxd4 19. exd4 Qg5 20. Nxe6 fxe6 21. Qxb7 Rxf1+ 22. Rxf1 Rf8 23. Rxf8+ Bxf8 24. Qe4 Qd5 25. Qxd5 exd5 26. Kf2 Kf7 27. Kf3 Ke6 28. h4 Ba3 29. g4 Bb2 30. Ke3 h5 31. gxh5 Kf5 32. Kd3 Kg4 33. c4 dxc4+ 34. Kxc4 Kxh4 35. d5 Kxh5 36. d6 g5 37. Kd5 Bf6 38. a4 g4 39. Ke4 Kh4 40. Ke3 Kh3 0-1

[Event "Bremen-ch"]
[Site "Bremen"]
[Date "2019.04.15"]
[Round "4.19"]
[White "Alhamid, Mohamad"]
[Black "Behrens, Soeren"]
[Result "0-1"]
[WhiteElo "1580"]
[BlackElo "1650"]
[PlyCount "102"]
[EventDate "2019.04.13"]
[EventType "swiss"]
[EventRounds "9"]
[EventCountry "GER"]
[SourceTitle "EXT 2020"]
[Source "ChessBase"]
[SourceDate "2019.10.17"]
[SourceVersion "1"]
[SourceVersionDate "2019.10.17"]
[SourceQuality "1"]

1. e4 e5 2. Nf3 Nc6 3. Bc4 Bc5 4. c3 Nf6 5. d4 exd4 6. cxd4 Bb4+ 7. Bd2 Bxd2+ 8. Nbxd2 d5 9. exd5 Nxd5 10. 0-0 0-0 11. Re1 Nb6 12. Bd3 Nxd4 13. Nxd4 Qxd4 14. Qc2 g6 15. Nf3 Qf4 16. Re4 Qf6 17. Qd2 Bd7 18. Rf4 Qg7 19. Ng5 h6 20. Ne4 Bf5 21. Re1 Bxe4 22. Bxe4 Rad8 23. Qa5 Qxb2 24. Bxb7 Qd2 25. Qxd2 Rxd2 26. a4 Ra2 27. Bc6 Kg7 28. g3 Nc8 29. Rb1 Nd6 30. Re1 Rc2 31. Bg2 Re8 32. Rxe8 Nxe8 33. Re4 Nd6 34. Rd4 Rc4 35. Rxc4 Nxc4 36. Kf1 Kf6 37. Ke2 Ke5 38. Bc6 Kd4 39. Be8 Nd6 40. Bd7 c5 41. Kd1 f6 42. Kc2 Kc4 43. h4 Ne4 44. Be8 g5 45. hxg5 hxg5 46. f4 Nxg3 47. fxg5 fxg5 48. Bd7 Ne4 49. Bb5+ Kd4 50. Kb3 a5 51. Bc6 Nf6 0-1

[Event "JBLN West 1819"]
[Site "Germany"]
[Date "2019.02.17"]
[Round "5.5"]
[White "Alhamid, Mohamad"]
[Black "Engel, Robert"]
[Result "0-1"]
[WhiteElo "1580"]
[BlackElo "2074"]
[PlyCount "76"]
[EventDate "2018.09.23"]
[EventType "team-tourn"]
[EventRounds "9"]
[EventCountry "GER"]
[SourceTitle "EXT 2020"]
[Source "ChessBase"]
[SourceDate "2019.10.17"]
[SourceVersion "1"]
[SourceVersionDate "2019.10.17"]
[SourceQuality "1"]
[WhiteTeam "Delmenhorst U20"]
[BlackTeam "Hamburger SK U20"]
[WhiteTeamCountry "GER"]
[BlackTeamCountry "GER"]

1. e4 c5 2. Nf3 d6 3. d4 cxd4 4. Nxd4 Nf6 5. Nc3 a6 6. Bg5 Nbd7 7. Be2 b5 8. a3 Bb7 9. f3 e6 10. Qd2 Qc7 11. 0-0 Be7 12. Rad1 0-0 13. Bh4 Nxe4 14. Nxe4 Bxh4 15. Qf4 Be7 16. Nb3 e5 17. Qd2 d5 18. Nc3 Nf6 19. f4 Rad8 20. fxe5 Qxe5 21. Bf3 Ne4 22. Qe2 Bd6 23. g3 Rfe8 24. Rfe1 Nxc3 25. bxc3 Qxe2 26. Rxe2 Rxe2 27. Bxe2 Bxa3 28. c4 bxc4 29. Bxc4 Be7 30. Bf1 Rc8 31. Re1 Kf8 32. Rb1 Rxc2 33. Na5 Bc8 34. Rb8 Bd6 35. Ra8 Ke7 36. Bxa6 Bc5+ 37. Kh1 Bh3 38. Nc6+ Kf6 0-1

[Event "Niedersachsen-ch op B"]
[Site "Verden"]
[Date "2019.01.04"]
[Round "4"]
[White "Santos, Jose"]
[Black "Alhamid, Mohamad"]
[Result "0-1"]
[WhiteElo "1761"]
[BlackElo "1463"]
[PlyCount "74"]
[EventDate "2019.01.03"]
[EventType "swiss"]
[EventRounds "7"]
[EventCountry "GER"]
[SourceTitle "EXT 2022"]
[Source "ChessBase"]
[SourceDate "2021.10.06"]
[SourceVersion "1"]
[SourceVersionDate "2021.10.06"]
[SourceQuality "1"]

1. d4 Nf6 2. Nf3 e6 3. Nbd2 d5 4. e3 c5 5. c3 Nc6 6. Bd3 b6 7. 0-0 Bd6 8. dxc5 bxc5 9. Qe2 0-0 10. e4 Qc7 11. Re1 Ng4 12. h3 Nge5 13. Nxe5 Nxe5 14. Bc2 Bb7 15. Nf3 Rfe8 16. Nxe5 Bxe5 17. Bg5 f6 18. Bd2 Rad8 19. Rad1 d4 20. cxd4 Bxd4 21. Bc1 Qe5 22. Bb3 Rd6 23. Qg4 g5 24. g3 Kh8 25. Kg2 f5 26. Qh5 Rg8 27. Bc2 fxe4 28. Bxe4 Bxe4+ 29. f3 Bxf3+ 30. Qxf3 Qg7 31. b3 e5 32. Ba3 Rf6 33. Qd5 Rf2+ 34. Kh1 Qh6 35. Qd7 g4 36. h4 Qf6 37. Rxd4 Qf3+ 0-1

[Event "Niedersachsen-ch op B"]
[Site "Verden"]
[Date "2019.01.03"]
[Round "2"]
[White "Ockenfels, Karsten"]
[Black "Alhamid, Mohamad"]
[Result "1-0"]
[WhiteElo "1641"]
[BlackElo "1463"]
[PlyCount "39"]
[EventDate "2019.01.03"]
[EventType "swiss"]
[EventRounds "7"]
[EventCountry "GER"]
[SourceTitle "EXT 2022"]
[Source "ChessBase"]
[SourceDate "2021.10.06"]
[SourceVersion "1"]
[SourceVersionDate "2021.10.06"]
[SourceQuality "1"]

1. e4 e5 2. Nf3 Nc6 3. d4 exd4 4. Bc4 Nf6 5. e5 Qe7 6. 0-0 Ng4 7. Bf4 Qc5 8. Bb3 Be7 9. Nbd2 Ngxe5 10. Nxe5 Nxe5 11. Ne4 Qc6 12. Qxd4 Ng6 13. Qxg7 Qxe4 14. Bxf7+ Kd8 15. Bxg6 Qxf4 16. Qxh8+ Bf8 17. Qxh7 d6 18. Rfe1 Bd7 19. Re4 Qf6 20. Rae1 1-0

[Event "Niedersachsen-ch op C"]
[Site "Verden"]
[Date "2018.01.07"]
[Round "7"]
[White "Eisenmenger, Till"]
[Black "Alhamid, Mohamad"]
[Result "0-1"]
[WhiteElo "1315"]
[BlackElo "1224"]
[PlyCount "58"]
[EventDate "2018.01.04"]
[EventType "swiss"]
[EventRounds "7"]
[EventCountry "GER"]
[SourceTitle "EXT 2022"]
[Source "ChessBase"]
[SourceDate "2021.10.06"]
[SourceVersion "1"]
[SourceVersionDate "2021.10.06"]
[SourceQuality "1"]

1. e4 e5 2. Nf3 Nc6 3. Nc3 Nf6 4. Bb5 Bc5 5. Nxe5 Nxe5 6. d4 Bb4 7. dxe5 Nxe4 8. Qd4 Nxc3 9. Qxb4 Nxb5 10. Qxb5 0-0 11. 0-0 d6 12. exd6 Qxd6 13. Be3 b6 14. Rfd1 Qg6 15. Qd3 Bf5 16. Qc4 Bxc2 17. Rd2 Be4 18. f3 Bxf3 19. Rf1 Be4 20. Qxc7 Rac8 21. Qd6 Qxd6 22. Rxd6 Rc2 23. Rd2 Rfc8 24. Rfd1 h6 25. Kf2 Rxd2+ 26. Bxd2 Rc2 27. Ke3 Bg6 28. Rb1 Rxd2 29. Kxd2 Bxb1 0-1